<?xml version="1.0" encoding="UTF-8"?>
<collection xmlns="http://www.loc.gov/MARC21/slim">
 <record>
  <leader>02646cam a2200613   4500</leader>
  <controlfield tag="001">1787053032</controlfield>
  <controlfield tag="003">DE-627</controlfield>
  <controlfield tag="005">20230109151118.0</controlfield>
  <controlfield tag="007">tu</controlfield>
  <controlfield tag="008">220125s2021    it |||||      00| ||ita c</controlfield>
  <datafield tag="020" ind1=" " ind2=" ">
   <subfield code="a">9788869237577</subfield>
   <subfield code="c"> : (20.00 EUR)</subfield>
   <subfield code="9">978-88-6923-757-7</subfield>
  </datafield>
  <datafield tag="035" ind1=" " ind2=" ">
   <subfield code="a">(DE-627)1787053032</subfield>
  </datafield>
  <datafield tag="035" ind1=" " ind2=" ">
   <subfield code="a">(DE-599)KXP1787053032</subfield>
  </datafield>
  <datafield tag="035" ind1=" " ind2=" ">
   <subfield code="a">(OCoLC)1309972886</subfield>
  </datafield>
  <datafield tag="035" ind1=" " ind2=" ">
   <subfield code="a">(ZDB-21-EIL)4896880</subfield>
  </datafield>
  <datafield tag="040" ind1=" " ind2=" ">
   <subfield code="a">DE-627</subfield>
   <subfield code="b">ger</subfield>
   <subfield code="c">DE-627</subfield>
   <subfield code="e">rda</subfield>
  </datafield>
  <datafield tag="041" ind1=" " ind2=" ">
   <subfield code="a">ita</subfield>
  </datafield>
  <datafield tag="044" ind1=" " ind2=" ">
   <subfield code="c">XA-IT</subfield>
  </datafield>
  <datafield tag="050" ind1=" " ind2="0">
   <subfield code="a">HD</subfield>
  </datafield>
  <datafield tag="082" ind1="0" ind2=" ">
   <subfield code="a">331</subfield>
  </datafield>
  <datafield tag="084" ind1=" " ind2=" ">
   <subfield code="a">15.08</subfield>
   <subfield code="2">bkl</subfield>
  </datafield>
  <datafield tag="084" ind1=" " ind2=" ">
   <subfield code="a">15.14</subfield>
   <subfield code="2">bkl</subfield>
  </datafield>
  <datafield tag="084" ind1=" " ind2=" ">
   <subfield code="a">15.28</subfield>
   <subfield code="2">bkl</subfield>
  </datafield>
  <datafield tag="100" ind1="1" ind2=" ">
   <subfield code="a">Parisini, Laura</subfield>
   <subfield code="e">VerfasserIn</subfield>
   <subfield code="4">aut</subfield>
  </datafield>
  <datafield tag="245" ind1="1" ind2="0">
   <subfield code="a">Notus in arte sua</subfield>
   <subfield code="b">lavoro e identità sociale nella documentazione epigrafica dei professionisti del lusso di Roma</subfield>
   <subfield code="c">Laura Parisini</subfield>
  </datafield>
  <datafield tag="250" ind1=" " ind2=" ">
   <subfield code="a">Prima edizione</subfield>
  </datafield>
  <datafield tag="264" ind1=" " ind2="1">
   <subfield code="a">Bologna</subfield>
   <subfield code="b">Bononia University Press</subfield>
   <subfield code="c">aprile 2021</subfield>
  </datafield>
  <datafield tag="300" ind1=" " ind2=" ">
   <subfield code="a">114 pages</subfield>
   <subfield code="b">illustrations</subfield>
   <subfield code="c">24 cm</subfield>
  </datafield>
  <datafield tag="336" ind1=" " ind2=" ">
   <subfield code="a">Text</subfield>
   <subfield code="b">txt</subfield>
   <subfield code="2">rdacontent</subfield>
  </datafield>
  <datafield tag="337" ind1=" " ind2=" ">
   <subfield code="a">ohne Hilfsmittel zu benutzen</subfield>
   <subfield code="b">n</subfield>
   <subfield code="2">rdamedia</subfield>
  </datafield>
  <datafield tag="338" ind1=" " ind2=" ">
   <subfield code="a">Band</subfield>
   <subfield code="b">nc</subfield>
   <subfield code="2">rdacarrier</subfield>
  </datafield>
  <datafield tag="490" ind1="1" ind2=" ">
   <subfield code="a">Storia antica</subfield>
   <subfield code="v">7</subfield>
   <subfield code="a">Alma Mater Studiorum, Università di Bologna, Dipartimento storia culture civiltà</subfield>
  </datafield>
  <datafield tag="500" ind1=" " ind2=" ">
   <subfield code="a">Number of series appears on cover</subfield>
  </datafield>
  <datafield tag="500" ind1=" " ind2=" ">
   <subfield code="a">Includes bibliographical references (pages 97-114)</subfield>
  </datafield>
  <datafield tag="546" ind1=" " ind2=" ">
   <subfield code="a">Text in Italian</subfield>
  </datafield>
  <datafield tag="689" ind1="0" ind2="0">
   <subfield code="d">g</subfield>
   <subfield code="0">(DE-588)4076778-4</subfield>
   <subfield code="0">(DE-627)106082094</subfield>
   <subfield code="0">(DE-576)209202882</subfield>
   <subfield code="a">Römisches Reich</subfield>
   <subfield code="2">gnd</subfield>
  </datafield>
  <datafield tag="689" ind1="0" ind2="1">
   <subfield code="d">s</subfield>
   <subfield code="0">(DE-588)4455182-4</subfield>
   <subfield code="0">(DE-627)228235677</subfield>
   <subfield code="0">(DE-576)212612751</subfield>
   <subfield code="a">Luxusgüterproduktion</subfield>
   <subfield code="2">gnd</subfield>
  </datafield>
  <datafield tag="689" ind1="0" ind2="2">
   <subfield code="d">s</subfield>
   <subfield code="0">(DE-588)4005857-8</subfield>
   <subfield code="0">(DE-627)104509716</subfield>
   <subfield code="0">(DE-576)208863478</subfield>
   <subfield code="a">Beruf</subfield>
   <subfield code="2">gnd</subfield>
  </datafield>
  <datafield tag="689" ind1="0" ind2="3">
   <subfield code="d">s</subfield>
   <subfield code="0">(DE-588)4026482-8</subfield>
   <subfield code="0">(DE-627)106288199</subfield>
   <subfield code="0">(DE-576)208966544</subfield>
   <subfield code="a">Identität</subfield>
   <subfield code="2">gnd</subfield>
  </datafield>
  <datafield tag="689" ind1="0" ind2="4">
   <subfield code="d">s</subfield>
   <subfield code="0">(DE-588)4027107-9</subfield>
   <subfield code="0">(DE-627)10628598X</subfield>
   <subfield code="0">(DE-576)208969276</subfield>
   <subfield code="a">Inschrift</subfield>
   <subfield code="2">gnd</subfield>
  </datafield>
  <datafield tag="689" ind1="0" ind2=" ">
   <subfield code="5">(DE-627)</subfield>
  </datafield>
  <datafield tag="787" ind1="0" ind2="8">
   <subfield code="i">Rezensiert in</subfield>
   <subfield code="a">Bonini, Paolo, 1975 - </subfield>
   <subfield code="t">[Rezension von: Laura Parisini, Notus in arte sua. Lavoro e identità sociale nella documentazione epigrafica dei professionisti del lusso di Roma]</subfield>
   <subfield code="d">2022</subfield>
   <subfield code="w">(DE-627)1830586718</subfield>
  </datafield>
  <datafield tag="830" ind1=" " ind2="0">
   <subfield code="a">DISCI, Dipartimento Storia Culture Civiltà</subfield>
   <subfield code="p">Storia antica</subfield>
   <subfield code="v">7</subfield>
   <subfield code="9">7</subfield>
   <subfield code="w">(DE-627)832090344</subfield>
   <subfield code="w">(DE-576)442638604</subfield>
   <subfield code="w">(DE-600)2829529-8</subfield>
   <subfield code="x">2284-1849</subfield>
  </datafield>
  <datafield tag="936" ind1="b" ind2="k">
   <subfield code="a">15.08</subfield>
   <subfield code="j">Sozialgeschichte</subfield>
   <subfield code="q">DA-3</subfield>
   <subfield code="0">(DE-627)181571005</subfield>
  </datafield>
  <datafield tag="936" ind1="b" ind2="k">
   <subfield code="a">15.14</subfield>
   <subfield code="j">Diplomatik</subfield>
   <subfield code="j">Epigraphik</subfield>
   <subfield code="q">DA-3</subfield>
   <subfield code="0">(DE-627)181569639</subfield>
  </datafield>
  <datafield tag="936" ind1="b" ind2="k">
   <subfield code="a">15.28</subfield>
   <subfield code="j">Römisches Reich</subfield>
   <subfield code="q">DA-3</subfield>
   <subfield code="0">(DE-627)106405128</subfield>
  </datafield>
  <datafield tag="951" ind1=" " ind2=" ">
   <subfield code="a">BO</subfield>
  </datafield>
  <datafield tag="990" ind1=" " ind2=" ">
   <subfield code="a">Römisches Reich</subfield>
  </datafield>
  <datafield tag="990" ind1=" " ind2=" ">
   <subfield code="a">Luxusgüterproduktion</subfield>
  </datafield>
  <datafield tag="990" ind1=" " ind2=" ">
   <subfield code="a">Beruf</subfield>
  </datafield>
  <datafield tag="990" ind1=" " ind2=" ">
   <subfield code="a">Identität</subfield>
  </datafield>
  <datafield tag="990" ind1=" " ind2=" ">
   <subfield code="a">Inschrift</subfield>
  </datafield>
  <datafield tag="991" ind1=" " ind2=" ">
   <subfield code="a">Rezensiertes Werk</subfield>
  </datafield>
  <datafield tag="999" ind1=" " ind2=" ">
   <subfield code="a">KXP-PPN1787053032</subfield>
   <subfield code="e">4250812979</subfield>
  </datafield>
 </record>
</collection>
